• 首页
  • 本馆介绍
  • 公告通知
  • 最新文献
  • 馆藏检索
  • 电子资源
  • 读者导购
  • 参考咨询
  • 我的图书馆
  • 登录
  • 详细信息显示
  • 放入我的书架
  • 预约/预借图书
  • 作者相关作品
  • 分类相关作品
  • 丛书相关作品
  • 出版社相关作品

书目信息

  • 表格格式
  • 工作单格式
  • 卡片格式
题名:
研途的风景
    
 
作者: 徐雅萍 著
分册:  
出版信息: 上海   少年儿童出版社  2020.06
页数: 255页
开本: 18cm
丛书名:
单 册:
中图分类: G612-53
科图分类:
主题词: 学前教育--教学研究--文集
电子资源:
ISBN: 978-7-5589-0866-8
000 01142nam0 2200229 450
001 0102100446
005 20210402100826.0
010    @a978-7-5589-0866-8@dCNY80.00
100    @a20200422d2020 em y0chiy0110 ea
101 0  @achi
102    @aCN@b310000
105    @ay z 000yy
106    @ar
200 1  @a研途的风景@Ayan tu de feng jing@f徐雅萍著
210    @a上海@c少年儿童出版社@d2020.06
215    @a255页@d18cm
330    @a本书由上海市长宁区教育学院幼教教研员徐雅萍著,是其多年来幼儿园教学研究论文集锦。本书分为六章:第一章“早教旭景”围绕环境的建设和营造,插入式集体活动和社区联动式早教指导模式展开;第二章“互动场景”聚焦幼儿园集体活动中师幼互动动态过程的研究,分析影响师幼互动的多重因素,提出积极有效的师幼互动策略和范式;第三章“数游奇景”探索了以教学游戏为主要教学方法的幼儿园数学活动;第四章“运动跃景”详细介绍了区域教育幼教学段“主题—运动”综改项目;第五章“隐性背景”关注幼儿缄默语言背后的信息;第六章“推进前景”介绍了区域“童趣课程”的研究与实践。
606 0  @a学前教育@x教学研究@j文集
690    @aG612-53@v5
701  0 @a徐雅萍@Axu ya ping@4著
801  0 @aCN@bBJSZM@c20210402
905    @b1279863-7@dG612-53@e1724@f5
    
    研途的风景/徐雅萍著.-上海:少年儿童出版社,2020.06
    255页;18cm
    
    
    ISBN 978-7-5589-0866-8:CNY80.00
    本书由上海市长宁区教育学院幼教教研员徐雅萍著,是其多年来幼儿园教学研究论文集锦。本书分为六章:第一章“早教旭景”围绕环境的建设和营造,插入式集体活动和社区联动式早教指导模式展开;第二章“互动场景”聚焦幼儿园集体活动中师幼互动动态过程的研究,分析影响师幼互动的多重因素,提出积极有效的师幼互动策略和范式;第三章“数游奇景”探索了以教学游戏为主要教学方法的幼儿园数学活动;第四章“运动跃景”详细介绍了区域教育幼教学段“主题—运动”综改项目;第五章“隐性背景”关注幼儿缄默语言背后的信息;第六章“推进前景”介绍了区域“童趣课程”的研究与实践。
●
相关链接 在E读中查询图书 在五车中查询图书 在当当中查询图书 在豆瓣中查询图书


正题名:研途的风景     索取号:G612-53/1724         预约/预借

序号 登录号 条形码 馆藏地/架位号 状态 备注
1 1279863   212798631   第一样本阅览室/ [索取号:G612-53/1724] 在馆    
2 1279864   212798640   教育系资料室/ [索取号:G612-53/1724] 在馆    
3 1279865   212798659   教育系资料室/ [索取号:G612-53/1724] 在馆    
4 1279866   212798668   第四借阅区/ [索取号:G612-53/1724] 在馆    
5 1279867   212798677   第四借阅区/ [索取号:G612-53/1724] 在馆    
唐山师范学院图书馆 欢迎您!
大连网信软件有限公司© 版权所有